Fruticultura: renovación de los huertos de cerezos

Saved in:
Bibliographic Details
Main Authors: Labra Lillo, Romilio Ernesto (Author), Hirzel Campos, Juan (Author), Astudillo M., Oscar (Author)
Format: Book
Language:Spanish
Published: Chillán INIA 2004
Chillán Ministerio de Agricultura 2004
Series:Boletín INIA. 113
Subjects:
Tags: Add Tag
No Tags, Be the first to tag this record!

MARC

LEADER 00000nam a2200000 a 4500
001 UCI7298
003 CL-VaPUC
008 080619e20040000cl |||||||||||||||||spa|d
082 0 4 |a 634.23  |b LAB  |2 21 
100 |a Labra Lillo, Romilio Ernesto  |e author  |9 748984 
700 |a Hirzel Campos, Juan  |e author  |9 584027 
700 0 |a Astudillo M., Oscar  |e author  |9 530487 
245 1 0 |a Fruticultura: renovación de los huertos de cerezos 
300 |a 88 p 
942 |c BK 
945 |d 20080619 00:00:00  |a jtorresc 
260 |a Chillán  |b INIA  |c 2004 
260 |a Chillán  |b Ministerio de Agricultura  |c 2004 
650 0 |a Árboles frutales   |9 264297 
650 0 |a Cerezas   |9 402953 
650 0 |a Producción agrícola  |9 353481 
650 0 |a Cultivo  |9 264268 
650 0 |a Suelos  |9 260322 
650 0 |a Riego  |9 259685 
650 0 |a Huertos  |9 264866 
583 |a last modification  |c 20171114 11:31:24  |k Rodrigo Vera 
490 0 |a Boletín INIA. 113 
999 |c 330621  |d 330619 
952 |0 0  |1 0  |4 0  |6 634_230000000000000_LAB_2004_2004  |7 0  |8 A  |9 416258  |a BIBAGR  |b BIBAGR  |d 2019-11-22  |i 4450655  |l 3  |o 634.23 LAB 2004 2004  |p 4450655  |r 2025-01-20  |s 2023-10-30  |w 2019-11-22  |y BK  |k AGR